L'Amazone (Record no. 30634)
[ view plain ]
| 000 -LEADER | |
|---|---|
| campo de control de longitud fija | 00483nam a2200169 i 4500 |
| 001 - NÚMERO DE CONTROL | |
| campo de control | 30634 |
| 003 - IDENTIFICADOR DE NÚMERO DE CONTROL | |
| campo de control | ES-MaACL |
| 005 - FECHA Y HORA DE LA ÚLTIMA TRANSACCIÓN | |
| campo de control | 20230906154229.0 |
| 007 - CAMPO FIJO DE DESCRIPCIÓN FÍSICA--INFORMACIÓN GENERAL | |
| campo de control de longitud fija | t| |
| 008 - DATOS DE LONGITUD FIJA--INFORMACIÓN GENERAL | |
| campo de control de longitud fija | 030127s1917 fr ||||1| fre d |
| 100 1# - ENTRADA PRINCIPAL--NOMBRE DE PERSONA | |
| Nombre de persona | Bataille, Henry. |
| 9 (RLIN) | 26392 |
| 245 12 - MENCIÓN DEL TÍTULO | |
| Título | L'Amazone |
| Resto del título | : ; Les flambeaux : théatre / |
| Mención de responsabilidad, etc. | Henry Bataille. |
| 260 ## - PUBLICACIÓN, DISTRIBUCIÓN, ETC. | |
| Lugar de publicación, distribución, etc. | París : |
| Nombre del editor, distribuidor, etc. | [s.n., |
| Fecha de publicación, distribución, etc. | 1917] ( |
| Fabricante | Librairies-Imprimeries Reunies) |
| 300 ## - DESCRIPCIÓN FÍSICA | |
| Extensión | 367 p. ; |
| Dimensiones | 19 cm. |
| 740 4# - ENTRADA AGREGADA--TÍTULO RELACIONADO/ANALÍTICO NO CONTROLADO | |
| Título relacionado o analítico no controlado | Les flambeaux. |
| 852 ## - LOCALIZACIÓN | |
| Ubicación | ES-MaACL |
| Número de control de estantería | F-5636 |
| Estatus retirado | Estado de pérdida | Estado de daño | No para préstamo | Biblioteca de origen | Biblioteca actual | Ubicación en estantería | Fecha de adquisición | Fuente de adquisición | Total de préstamos | Signatura topográfica completa | Código de barras | Visto por última vez | Precio de reemplazo | Tipo de ítem Koha |
|---|---|---|---|---|---|---|---|---|---|---|---|---|---|---|
| Biblioteca del Ateneo de Madrid | Biblioteca del Ateneo de Madrid | Depósito 2 | 17/01/2008 | F-5636 | 1031632 | 23/02/2023 | 23/02/2023 | Libro impreso |
